Cinéma - Le Bazar de la Charité - Statistiques

Statistiques générales
  • Ce quiz a été pris 4 fois
  • Le résultat moyen est 8 sur 16
Statistiques - réponses
Par images Réponse % Correct
Camille
100%
Jean Rivière
100%
Rose Rivière
100%
Adrienne de Lenverpré
67%
Alice de Jeansin
67%
Julien de la Ferté
67%
Thomas
67%
Auguste de Jeansin
33%
Célestin Hennion
33%
Hugues Chaville
33%
Madame Huchon
33%
Marc-Antoine de Lenverpré
33%
Victor Minville
33%
Mathilde de Jeansin
0%
Pierre-Henri de la Trémoille
0%
Préfet Leblanc
0%
Aucun quiz correspondant
Distribution des résultats
% des personnes avec chaque résultat
Percentile par nombre de réponses
Votre historique - résultats
Vous n’avez pas pris ce quiz